Confesiones de un judío / (Record no. 145457)

MARC details
000 -LEADER
campo de control de longitud fija 00688nam a2200205 4500
001 - NÚMERO DE CONTROL
campo de control 145457
003 - IDENTIFICADOR DE NÚMERO DE CONTROL
campo de control ES-MaACL
005 - FECHA Y HORA DE LA ÚLTIMA TRANSACCIÓN
campo de control 20250703035747.0
007 - CAMPO FIJO DE DESCRIPCIÓN FÍSICA--INFORMACIÓN GENERAL
campo de control de longitud fija t|
008 - DATOS DE LONGITUD FIJA--INFORMACIÓN GENERAL
campo de control de longitud fija 070214s1978 sp r ||||1| spa d
100 1# - ENTRADA PRINCIPAL--NOMBRE DE PERSONA
Nombre de persona Stern, Rafael.
9 (RLIN) 108128
245 10 - MENCIÓN DEL TÍTULO
Título Confesiones de un judío /
Mención de responsabilidad, etc. Rafael Stern ; prólogo de José Mª Gironella.
260 ## - PUBLICACIÓN, DISTRIBUCIÓN, ETC.
Lugar de publicación, distribución, etc. [Bilbao] :
Nombre del editor, distribuidor, etc. Desclée de Brouwer,
Fecha de publicación, distribución, etc. [1978] (
Fabricante Ellacuría)
300 ## - DESCRIPCIÓN FÍSICA
Extensión 192 p. ;
Dimensiones 21 cm.
490 1# - MENCIÓN DE SERIE
Mención de serie El credo que ha dado sentido a mi vida
700 1# - ENTRADA AGREGADA--NOMBRE PERSONAL
Nombre de persona Gironella, José María,
Fechas asociadas al nombre 1917-2003
9 (RLIN) 57298
830 0# - PUNTO DE ACCESO ADICIONAL DE SERIE-TÍTULO UNIFORME
Título uniforme El credo que ha dado sentido a mi vida
9 (RLIN) 192733
852 ## - LOCALIZACIÓN
Ubicación ES-MaACL
Número de control de estantería A-8686
Sublocalización o colección R.97573
Holdings
Estatus retirado Estado de pérdida Estado de daño No para préstamo Biblioteca de origen Biblioteca actual Ubicación en estantería Fecha de adquisición Fuente de adquisición Total de préstamos Signatura topográfica completa Código de barras Visto por última vez Precio de reemplazo Tipo de ítem Koha
        Biblioteca del Ateneo de Madrid Biblioteca del Ateneo de Madrid Depósito 1 17/01/2008     A-8686 1151833 23/02/2023 23/02/2023 Libro impreso